| 000 | 01048nam a2200325 i 4500 | ||
|---|---|---|---|
| 005 | 20220317002027.0 | ||
| 007 | ta | ||
| 008 | 201109s2018 ck jr 000 pdspa d | ||
| 020 | _a9789585997813 | ||
| 040 |
_aCO-BoRNBP _bspa _erda _cCO-BoRNBP |
||
| 041 | 0 | _aspa | |
| 084 | _aP SIL7 | ||
| 100 | 1 |
_aSilber, Marcos _d1934- _eautor |
|
| 245 | 1 | 0 |
_aOtrosí digo _bpoesía _cMarcos Silber |
| 250 | _aPrimera edición | ||
| 264 | 1 |
_aBogotá _bLetra a letra _c2018 |
|
| 300 |
_a142 páginas _c24 cm |
||
| 336 |
_2rdacontent _atexto _btxt |
||
| 337 |
_2rdamedia _asin mediación _bn |
||
| 338 |
_2rdacarrier _avolumen _bnc |
||
| 521 | _aRecomendado para un público mayor de 15 años | ||
| 545 | _aIncluye datos biográficos del autor en la solapa | ||
| 650 | 1 | 7 |
_aPoesía juvenil argentina _ySiglo XX _2LEMB |
| 650 | 1 | 7 |
_aLiteratura juvenil argentina _ySiglo XX _2LEMB |
| 650 | 1 | 7 |
_aPoetas argentinos _ySiglo XX _2LEMB |
| 650 | 1 | 7 |
_aAmistad _vPoesía _2LEMB |
| 650 | 1 | 7 |
_aAmor _vPoesía _2LEMB |
| 650 | 1 | 7 |
_aNaturaleza _vPoesía _2LEMB |
| 942 |
_2loc _cBKLIT |
||
| 999 |
_c8936 _d8936 |
||